|
|
|
|
| LEADER |
00000nam a2200000 4500 |
| 001 |
vtls011781848 |
| 003 |
SK-MaSNL |
| 005 |
20260301142826.0 |
| 008 |
200316s2017 xo dl g n 000 0 slo |
| 015 |
|
|
|a SNBA2018/10
|
| 020 |
|
|
|a 9788089243044
|q (brožované)
|
| 035 |
|
|
|a urn:nbn:sk:snk-am00di2y
|
| 035 |
|
|
|a urn:nbn:sk:snk-am3i30h
|
| 035 |
|
|
|a 0AEF61A8-B8A0-4651-A963-6C83A873336E
|
| 040 |
|
|
|a SNK
|b slo
|c SNK
|e rda
|
| 041 |
0 |
|
|a slo
|
| 044 |
|
|
|a xo
|c SK
|
| 072 |
|
7 |
|a 616.89
|x Psychiatria
|2 konspekt
|
| 072 |
|
7 |
|a 615.8
|x Fyzioterapia. Psychoterapia. Alternatívna medicína
|2 konspekt
|
| 080 |
|
|
|a 616.895.4
|2 2011
|
| 080 |
|
|
|a (048.8)
|2 2011
|
| 080 |
|
|
|a 615.851
|2 2011
|
| 080 |
|
|
|a 616-092
|2 2011
|
| 080 |
|
|
|a 611.8+612.8+616.6
|2 2011
|
| 100 |
1 |
|
|a Hrubý, Radovan
|4 aut
|9 498919
|
| 245 |
1 |
0 |
|a Depresia a včasné emočné, kognitívne a behaviorálne regulácie
|c Radovan Hrubý
|
| 264 |
|
1 |
|a Martin
|b VEEM
|c 2017
|
| 300 |
|
|
|a 275 strán
|b grafy, tabuľky
|c 21 cm
|
| 336 |
|
|
|a text
|b txt
|2 rdacontent
|
| 337 |
|
|
|a bez média
|b n
|2 rdamedia
|
| 338 |
|
|
|a zväzok
|b nc
|2 rdacarrier
|
| 504 |
|
|
|a Bibliografia na strane 253-275
|
| 650 |
0 |
7 |
|a depresie
|2 SNKPH
|9 30104
|
| 650 |
0 |
7 |
|a Depression
|2 SNKPHeng
|9 326460
|
| 650 |
0 |
7 |
|a psychoterapia
|2 SNKPH
|9 2575
|
| 650 |
0 |
7 |
|a Psychotherapy
|2 SNKPHeng
|9 266881
|
| 650 |
0 |
7 |
|a etiopatogenéza
|2 SNKPH
|9 115581
|
| 650 |
0 |
7 |
|a Etiopathogenesis
|2 SNKPHeng
|9 327047
|
| 650 |
0 |
7 |
|a neurovedy
|2 SNKPH
|9 69795
|
| 650 |
0 |
7 |
|a Neurosciences
|2 SNKPHeng
|9 306711
|
| 655 |
|
7 |
|a monografie
|2 SNKPH
|9 70139
|
| 655 |
|
7 |
|a Monographs
|2 SNKPHeng
|9 120675
|
| 919 |
|
|
|a 978-80-89243-04-4
|
| 958 |
|
|
|a NB
|
| 958 |
|
|
|a MI
|
| 999 |
|
|
|c 771623
|d 773553
|
| 952 |
|
|
|a SNK
|b SNK
|y NEVYP
|7 1
|p 17A1336257
|o snkSC 180941
|i snk2018/19672
|8 0
|0 0
|1 0
|4 0
|d 2018-10-01
|f 1
|l 0
|r 2026-02-24 00:37:23
|w 2026-02-24
|
| 952 |
|
|
|a SNK
|b SNK
|y VYP
|7 0
|p 17A1336258
|o snkSC 180941 D1
|i snk2018/19673
|8 0
|0 0
|1 0
|4 0
|d 2018-10-01
|l 0
|r 2026-02-24 00:37:23
|w 2026-02-24
|